书目信息 |
| 题名: |
Delphi 7高级编程范例
|
|
| 作者: | 刘斌 , 程捷 , 龙启明 编著 | |
| 分册: | ||
| 出版信息: | 北京 清华大学出版社 2004.09 |
|
| 页数: | 405页 | |
| 开本: | 26cm | |
| 丛书名: | ||
| 单 册: | ||
| 中图分类: | TP311.56 | |
| 科图分类: | ||
| 主题词: | 软件工具--程序设计 | |
| 电子资源: | ||
| ISBN: | 7-302-09258-3 | |
| 000 | 01000nam0 2200265 450 | |
| 001 | 0179840030 | |
| 005 | 20050919172708.61 | |
| 010 | @a7-302-09258-3@dCNY45.00 (含光盘) | |
| 100 | @a20050316d2004 km y0chiy0120 ea | |
| 101 | 0 | @achi |
| 102 | @aCN@b110000 | |
| 105 | @aa z 000yy | |
| 200 | 1 | @aDelphi 7高级编程范例@ADelphi 7 gao ji bian cheng fan li@f龙启明, 刘斌, 程捷等编著@Flong qi ming,liu bin,cheng jie deng bian zhu |
| 210 | @a北京@c清华大学出版社@d2004.09 | |
| 215 | @a405页@c图@d26cm@e光盘1片 | |
| 307 | @a光盘 ISBN : 7-89494-502-1 | |
| 330 | @a本书以实例的形式介绍Delphi的高级编程方法。全书共11章,第1章简单介绍了Delphi编程的基础知识;从第2章到第11章,通过10个具体案例的设计和实现,详细地介绍了怎样运用Delphi进行高级编程。 | |
| 606 | 0 | @a软件工具@x程序设计 |
| 610 | 0 | @aDelphi 7 |
| 690 | @aTP311.56@v4 | |
| 701 | 0 | @a刘斌@Aliu bin@4编著 |
| 701 | 0 | @a程捷@Acheng jie@4编著 |
| 701 | 0 | @a龙启明@Along qi ming@4编著 |
| 801 | 0 | @aCN@bQSSK@c20050919 |
| 905 | @a10447@dTP311.56@eL585 | |
| Delphi 7高级编程范例/龙启明, 刘斌, 程捷等编著.-北京:清华大学出版社,2004.09 |
| 405页:图;26cm+光盘1片 |
| ISBN 7-302-09258-3:CNY45.00 (含光盘) |
| 本书以实例的形式介绍Delphi的高级编程方法。全书共11章,第1章简单介绍了Delphi编程的基础知识;从第2章到第11章,通过10个具体案例的设计和实现,详细地介绍了怎样运用Delphi进行高级编程。 |
| ● |
| 相关链接 |
|
|
|
正题名:Delphi 7高级编程范例
索取号:TP311.56/L585
 
预约/预借
| 序号 | 登录号 | 条形码 | 馆藏地/架位号 | 状态 | 备注 |
| 1 | 523328 | 205233282 | 期刊室512/301自科库 43排4列4层/ [索取号:TP311.56/L585] | 在馆 | |
| 2 | 523329 | 205233291 | 自科二线404/404自科库 10排1列3层/ [索取号:TP311.56/L585] | 在馆 | |
| 3 | 523330 | 205233308 | 期刊室512/301自科库 43排4列4层/ [索取号:TP311.56/L585] | 在馆 |